Every City in the Netherlands on a map - Statistics

General Stats
  • This quiz has been taken 256 times
  • The average score is 130 of 2470
Answers on the Map
Answers color-coded by a green-red scale on the quiz's map according to % correct below.
 
Answer Stats
Answer % Correct
Amsterdam
88%
Rotterdam
82%
Groningen
77%
Utrecht
77%
Maastricht
72%
Den Haag
70%
Eindhoven
68%
Haarle
63%
Arnhem
62%
Nijmegen
61%
Almere
58%
Zwolle
58%
's-Hertogenbosch
56%
Tilburg
56%
Breda
55%
Delft
55%
Hee
55%
Lelystad
55%
Ens
54%
Haarlem
53%
Leiden
53%
Apeldoorn
52%
Enschede
52%
Boer
51%
Leeuwarden
51%
Dordrecht
49%
Alkmaar
48%
Middelburg
48%
Gouda
47%
Venlo
47%
Amersfoort
45%
Assen
45%
Bergen
45%
Ede
45%
Almelo
44%
Emmen
44%
Den Helder
43%
Hengelo
42%
Urk
42%
Hoorn
41%
Bergen op Zoom
40%
Heerenveen
39%
Heerle
39%
Oss
39%
Amstelveen
38%
Hilversum
38%
Sneek
38%
Zoetermeer
38%
Heerlen
36%
Zaandam
36%
Deventer
35%
Roosendaal
35%
Roermond
34%
Vlissingen
34%
Hoek
33%
Ie
33%
Sittard
33%
Doetinchem
32%
Veen
32%
Zeist
32%
Baarn
31%
Rijs
31%
Emmeloord
30%
Goes
30%
Harderwijk
30%
Helmond
30%
Hoogeveen
30%
Terneuzen
30%
Volendam
30%
Alphen
29%
Schiedam
29%
Baarle-Nassau
28%
Delfzijl
28%
Enkhuizen
28%
Epe
28%
Hoofddorp
28%
Kampen
28%
Purmer
28%
Spijk
28%
Wageningen
28%
Zandvoort
28%
Zutphen
28%
Edam
27%
Rijswijk
27%
Spijkenisse
27%
Waal
27%
Dronten
26%
Erm
26%
IJmuiden
26%
Katwijk
26%
Meppel
26%
Purmerend
26%
Stein
26%
Valkenburg
26%
Wassenaar
26%
Barneveld
25%
Drachten
25%
Ermelo
25%
Gorinchem
25%
Hoek van Holland
25%
Huizen
25%
Kerkrade
25%
Soest
25%
Tiel
25%
Veenendaal
25%
Venray
25%
Zeewolde
25%
Harlingen
24%
Oldenzaal
24%
Winterswijk
24%
Woerden
24%
Geleen
23%
Nieuwegein
23%
Nijkerk
23%
Putte
23%
Barendrecht
22%
Diemen
22%
Dokkum
22%
Duiven
22%
Lisse
22%
Noordwijk
22%
Nunspeet
22%
Ommen
22%
Steenwijk
22%
Vlaardingen
22%
Waalwijk
22%
Beverwijk
21%
Coevorden
21%
Hardenberg
21%
Heerhugowaard
21%
Veendam
21%
Bussum
20%
Capelle aan den IJssel
20%
Haaren
20%
Haren
20%
Maarssen
20%
Oosterhout
20%
Weert
20%
Zevenaar
20%
Zierikzee
20%
Biddinghuizen
19%
Culemborg
19%
Elst
19%
Etten
19%
Haaksbergen
19%
Houten
19%
Loo
19%
Maassluis
19%
Stadskanaal
19%
Zwijndrecht
19%
Alphen aan den Rijn
18%
De Bilt
18%
Den Burg
18%
Dieren
18%
Echt
18%
Esch
18%
Franeker
18%
IJsselstein
18%
Laren
18%
Leerdam
18%
Leidschendam
18%
Naarden
18%
Papendrecht
18%
Rhenen
18%
Ridderkerk
18%
Schiermonnikoog
18%
Voorburg
18%
Winschoten
18%
Aalsmeer
17%
Born
17%
Castricum
17%
Heemstede
17%
Hellevoetsluis
17%
Landgraaf
17%
Putten
17%
Raalte
17%
Sliedrecht
17%
Weesp
17%
Wijchen
17%
Wijk bij Duurstede
17%
Bilthoven
16%
Blaricum
16%
Etten-Leur
16%
Hulst
16%
Moerdijk
16%
Ter Apel
16%
Vaals
16%
Vianen
16%
Appingedam
15%
Beek
15%
Beilen
15%
Berkel en Rodenrijs
15%
Best
15%
Bloemendaal
15%
Bolsward
15%
Borne
15%
Boxmeer
15%
Boxtel
15%
Breukelen
15%
Brunssum
15%
Bunnik
15%
Cuijk
15%
Dalfsen
15%
Doorn
15%
Eemnes
15%
Elburg
15%
Goor
15%
Groesbeek
15%
Hattem
15%
Heemskerk
15%
Hendrik-Ido-Ambacht
15%
Hillegom
15%
Hoogezand
15%
Joure
15%
Leiderdorp
15%
Leusden
15%
Lochem
15%
Monster
15%
Muiden
15%
Nijverdal
15%
Pijnacker
15%
Rijssen
15%
Rozendaal
15%
Slagharen
15%
Sluis
15%
Staphorst
15%
Uden
15%
Veere
15%
Veghel
15%
Vught
15%
Waddinxveen
15%
West-Terschelling
15%
Zaltbommel
15%
Borger
14%
Brielle
14%
Kapelle
14%
Losser
14%
Nes
14%
Oegstgeest
14%
Sassenheim
14%
Soesterberg
14%
Veldhoven
14%
Aalten
13%
Buren
13%
Doesburg
13%
Goirle
13%
Heiloo
13%
Huissen
13%
Julianadorp
13%
Katwijk Aan Zee
13%
Klazienaveen
13%
Lemmer
13%
Nieuwerkerk
13%
Nootdorp
13%
Oisterwijk
13%
Schagen
13%
Scherpenzeel
13%
Stavoren
13%
Twello
13%
Velsen-Zuid
13%
Willemstad
13%
Wolvega
13%
Anna Paulowna
12%
Appelscha
12%
Bleiswijk
12%
Bodegraven
12%
Boskoop
12%
Broek
12%
De Koog
12%
Deurne
12%
Domburg
12%
Duivendrecht
12%
Eemshaven
12%
Egmond aan Zee
12%
Eijsden
12%
Groenlo
12%
Hasselt
12%
Hellendoorn
12%
Holten
12%
Hoogvliet
12%
Krimpen aan den IJssel
12%
Lichtenvoorde
12%
Loenen
12%
Lopik
12%
Medemblik
12%
Monnickendam
12%
Montfoort
12%
Naaldwijk
12%
Nieuw-Vennep
12%
Oranje
12%
Oud-Beijerland
12%
Pieterburen
12%
Renesse
12%
Renkum
12%
Rheden
12%
Roden
12%
Sappemeer
12%
Simpelveld
12%
't Harde
12%
Tholen
12%
Tubbergen
12%
Vleuten
12%
Voorschoten
12%
Wier
12%
Wijhe
12%
Winsum
12%
Woudenberg
12%
Zevenhuizen
12%
Zuidlaren
12%
Alblasserdam
11%
America
11%
Beuningen
11%
Bunschoten-Spakenburg
11%
Burgh-Haamstede
11%
Druten
11%
Giethoorn
11%
Gulpen
11%
Horst
11%
Kaatsheuvel
11%
Lauwersoog
11%
Leek
11%
Olst
11%
Rosmalen
11%
Steenbergen
11%
Susteren
11%
Uithoorn
11%
Ulft
11%
Valkenswaard
11%
Velp
11%
Velsen-Noord
11%
Vinkeveen
11%
Westervoort
11%
Wezep
11%
Woensdrecht
11%
Wormer
11%
Yerseke
11%
Zeeland
11%
Zoeterwoude
11%
Zuidhorn
11%
Zurich
11%
Abcoude
10%
Assendelft
10%
Bennekom
10%
Bergen aan Zee
10%
Boekel
10%
Breskens
10%
Chaam
10%
De Meern
10%
Geldermalsen
10%
Geldrop
10%
Heel
10%
Heino
10%
Hem
10%
Hoevelaken
10%
Loon
10%
Loosdrecht
10%
Marken
10%
Noordwijkerhout
10%
Nuenen
10%
Oost-Souburg
10%
Rijnsburg
10%
Schiphol
10%
Voorhout
10%
Werkendam
10%
Wormerveer
10%
Zoutelande
10%
Zundert
10%
Aerdenhout
9%
Amerongen
9%
Axel
9%
Badhoevedorp
9%
Balk
9%
De Cocksdorp
9%
Dedemsvaart
9%
Drunen
9%
Gemert
9%
Gilze
9%
Heerde
9%
Landsmeer
9%
Loppersum
9%
Margraten
9%
Meerssen
9%
Nederweert
9%
Nieuw-Amsterdam
9%
Nieuwerkerk aan den IJssel
9%
Nieuwkoop
9%
Oosterbeek
9%
Ouddorp
9%
Oude Pekela
9%
Oudewater
9%
Rijen
9%
Sevenum
9%
's-Gravenzande
9%
Ter Aar
9%
Voorst
9%
Wateren
9%
Westerbork
9%
Westkapelle
9%
Asten
8%
Austerlitz
8%
Baak
8%
Bedum
8%
Berg en Dal
8%
Bladel
8%
Borculo
8%
Borssele
8%
Bourtange
8%
Bovenkarspel
8%
Brummen
8%
Cadzand
8%
Den Dolder
8%
Denekamp
8%
Den Hoorn
8%
Didam
8%
Dinxperlo
8%
Dongen
8%
Eersel
8%
Eibergen
8%
Ell
8%
Gassel
8%
Gees
8%
Genemuiden
8%
Gennep
8%
Grave
8%
Heusden
8%
Hilvarenbeek
8%
Hoensbroek
8%
IJlst
8%
IJsselmuiden
8%
Kesteren
8%
Kootwijk
8%
Leersum
8%
Leur
8%
Lunteren
8%
Maarn
8%
Maasbracht
8%
Made
8%
Markelo
8%
Mierlo
8%
Mijdrecht
8%
Mill
8%
Mook
8%
Moordrecht
8%
Mussel
8%
Neede
8%
Nieuw-Beijerland
8%
Noordhorn
8%
Nuth
8%
Odoorn
8%
Oldebroek
8%
Oost-Vlieland
8%
Oostzaan
8%
Panningen
8%
Pernis
8%
Poortugaal
8%
Raamsdonk
8%
Ravenstein
8%
Rhee
8%
Rhoon
8%
Roelofarendsveen
8%
Rozenburg
8%
Sas van Gent
8%
Schijndel
8%
Schoonhoven
8%
Sexbierum
8%
Sint-Michielsgestel
8%
Sloten
8%
Swifterbant
8%
Tynaarlo
8%
Uitgeest
8%
Vlijmen
8%
Vries
8%
Vriezenveen
8%
Waalre
8%
Wateringen
8%
Wijk aan Zee
8%
Zevenbergen
8%
Bad Nieuweschans
7%
Bemmel
7%
Bruinisse
7%
Buitenpost
7%
Burgum
7%
Dalen
7%
De Lier
7%
Den Ham
7%
Dwingeloo
7%
Eelde
7%
Een
7%
Elspeet
7%
Enter
7%
Gasselte
7%
Halfweg
7%
Hoogland
7%
Kaag
7%
Lies
7%
Malden
7%
Musselkanaal
7%
Nieuwe Pekela
7%
Nieuwleusen
7%
Oirschot
7%
Opmeer
7%
Pesse
7%
Petten
7%
Prinsenbeek
7%
Reeuwijk
7%
Renswoude
7%
Retranchement
7%
Roodeschool
7%
Ruinerwold
7%
Ruurlo
7%
Serooskerke
7%
Sint-Oedenrode
7%
Someren
7%
Tegelen
7%
Vaassen
7%
Varsseveld
7%
Voorthuizen
7%
Waarde
7%
Waspik
7%
Wierden
7%
Workum
7%
Aalst
6%
Arkel
6%
Broek in Waterland
6%
Callantsoog
6%
Exloo
6%
Hindeloopen
6%
Hollum
6%
Klundert
6%
Krabbendijke
6%
Krommenie
6%
Lent
6%
Loon op Zand
6%
Maasdam
6%
Maasvlakte
6%
Makkum
6%
Moergestel
6%
Oosterwolde
6%
Oostkapelle
6%
Oostvoorne
6%
Ootmarsum
6%
Paterswolde
6%
Rilland
6%
Rolde
6%
Schaijk
6%
Sint Maarten
6%
Son en Breugel
6%
Ubbergen
6%
Uithuizen
6%
Voerendaal
6%
Warffum
6%
Aadorp
5%
Akkrum
5%
Ameide
5%
Andel
5%
Andijk
5%
Annen
5%
Arcen
5%
Arnemuiden
5%
Baflo
5%
Bant
5%
Barger-Compascuum
5%
Bathmen
5%
Bavel
5%
Beek en Donk
5%
Beesd
5%
Beneden-Leeuwen
5%
Berghem
5%
Bergschenhoek
5%
Bocholtz
5%
Broek op Langedijk
5%
Budel
5%
Delden
5%
Den Oever
5%
Diepenveen
5%
Diever
5%
Dirksland
5%
Dodewaard
5%
Driebergen-Rijsenburg
5%
Driehuizen
5%
Driel
5%
Drimmelen
5%
Egmond-Binnen
5%
Emmer-Compascuum
5%
Empe
5%
Erica
5%
Eygelshoven
5%
Fijnaart
5%
Gaanderen
5%
Gasselternijveen
5%
Gasselternijveenschemond
5%
Geertruidenberg
5%
Geesteren
5%
Gieten
5%
Glane
5%
Grijpskerk
5%
Grolloo
5%
Grou
5%
Haastrecht
5%
Hall
5%
Hardinxveld-Giessendam
5%
Hattemerbroek
5%
Hazerswoude-Rijndijk
5%
Heeze
5%
Helvoirt
5%
Heumen
5%
Hoenderloo
5%
Hoeven
5%
Hoogkarspel
5%
Horn
5%
Huis ter Heide
5%
IJzendijke
5%
Kerkdriel
5%
Koog aan de Zaan
5%
Kruiningen
5%
Lage Zwaluwe
5%
Leende
5%
Lekkerkerk
5%
Loenen aan de Vecht
5%
Maartensdijk
5%
Maasbree
5%
Maasdijk
5%
Mander
5%
Marrum
5%
Meerkerk
5%
Melissant
5%
Middelaar
5%
Middelharnis
5%
Middenbeemster
5%
Millingen aan de Rijn
5%
Montfort
5%
Muiderberg
5%
Nieuwe-Tonge
5%
Nieuw-Lekkerland
5%
Nisse
5%
Noordlaren
5%
Numansdorp
5%
Oostburg
5%
Otterlo
5%
Oudenbosch
5%
Ouderkerk aan de Amstel
5%
Oudeschild
5%
Oude-Tonge
5%
Peize
5%
Poeldijk
5%
Raamsdonksveer
5%
Rockanje
5%
Rossum
5%
Rouveen
5%
Ruinen
5%
Santpoort-Noord
5%
Santpoort-Zuid
5%
Schalkwijk
5%
Scheemda
5%
Schin op Geul
5%
Schipluiden
5%
Schoorl
5%
's-Heerenberg
5%
Sibculo
5%
Sint-Annaland
5%
Sint Anthonis
5%
Sint Philipsland
5%
Sleen
5%
Slochteren
5%
Smilde
5%
Surhuisterveen
5%
Tienhoven
5%
Tytsjerk
5%
Uddel
5%
Udenhout
5%
Ugchelen
5%
Uithuizermeeden
5%
Vasse
5%
Velserbroek
5%
Vijfhuizen
5%
Vlagtwedde
5%
Vroomshoop
5%
Vrouwenpolder
5%
Wapenveld
5%
Warmond
5%
Wehl
5%
Wilnis
5%
Wittem
5%
Woudrichem
5%
Wouw
5%
Zelhem
5%
Zetten
5%
Zuidwolde
5%
Zwaag
5%
Zwammerdam
5%
Zwanenburg
5%
Zwartsluis
5%
Andelst
4%
Ane
4%
Bakel
4%
Beekbergen
4%
Bennebroek
4%
Bergambacht
4%
Bergeijk
4%
Bern
4%
Biervliet
4%
Boven-Leeuwen
4%
Bruinehaar
4%
Cothen
4%
Daarle
4%
Daarlerveen
4%
De Kwakel
4%
De Punt
4%
Dinteloord
4%
Dorst
4%
Drouwen
4%
Easterein
4%
Echten
4%
Eerbeek
4%
Ees
4%
Eext
4%
Ellewoutsdijk
4%
Elsloo
4%
Fleringen
4%
Garderen
4%
Giessen
4%
Goedereede
4%
Gorssel
4%
Gramsbergen
4%
Halsteren
4%
Haps
4%
Harmelen
4%
Harskamp
4%
Havelte
4%
Hazerswoude-Dorp
4%
Heinkenszand
4%
Helden
4%
Herten
4%
Hollandsche Rading
4%
Honselersdijk
4%
Hurdegaryp
4%
Ingen
4%
Kinderdijk
4%
Klarenbeek
4%
Klimmen
4%
Kloosterhaar
4%
Koewacht
4%
Kootwijkerbroek
4%
Koudekerke
4%
Krimpen aan de Lek
4%
Lemele
4%
Linschoten
4%
Lutjegast
4%
Maarheeze
4%
Maarsbergen
4%
Maasland
4%
Manderveen
4%
Marum
4%
Mechelen
4%
Meijel
4%
Midlaren
4%
Moerkapelle
4%
Molenhoek
4%
Nagele
4%
Nederland
4%
Nieuw-Dordrecht
4%
Nieuwdorp
4%
Nigtevecht
4%
Nijeveen
4%
Nijkerkerveen
4%
Nistelrode
4%
Odijk
4%
Oene
4%
Oosterend
4%
Overloon
4%
Overveen
4%
Philippine
4%
Reutum
4%
Reuver
4%
Rutten
4%
's-Gravendeel
4%
's-Heer Arendskerke
4%
Siddeburen
4%
Sint Annaparochie
4%
Sint-Maartensdijk
4%
Sluiskil
4%
Stavenisse
4%
Stiens
4%
Stramproy
4%
Swalmen
4%
Terschuur
4%
Teteringen
4%
Teuge
4%
Ulvenhout
4%
Valthe
4%
Valthermond
4%
Warns
4%
Warnsveld
4%
Wemeldinge
4%
Westdorp
4%
Wilp
4%
Winde
4%
Wouwse Plantage
4%
Zaandijk
4%
Zalk
4%
Zuid-Beijerland
4%
Zwartemeer
4%
Aagtekerke
3%
Aalden
3%
Aardenburg
3%
Achthuizen
3%
Aduard
3%
Albergen
3%
Almkerk
3%
Amen
3%
Baaiduinen
3%
Baarlo
3%
Balkbrug
3%
Ballum
3%
Beerta
3%
Beesel
3%
Bentelo
3%
Benthuizen
3%
Berkel-Enschot
3%
Blokzijl
3%
Bornerbroek
3%
Brouwershaven
3%
Buinen
3%
Bunde
3%
Clinge
3%
Colijnsplaat
3%
Colmschate
3%
Darp
3%
Deil
3%
De Klomp
3%
Delfgauw
3%
De Lutte
3%
De Wijk
3%
Driebruggen
3%
Eemdijk
3%
Eenrum
3%
Elim
3%
Elsloo
3%
Emst
3%
Epen
3%
Erp
3%
Est
3%
Ewijk
3%
Farmsum
3%
Feanwâlden
3%
Finsterwolde
3%
Formerum
3%
Gaast
3%
Geffen
3%
Geulle
3%
Glimmen
3%
Gorredijk
3%
Goudswaard
3%
Graauw
3%
Groenekan
3%
Gronsveld
3%
Grootegast
3%
Haarlemmerliede
3%
Harkema
3%
Heesch
3%
Hippolytushoef
3%
Hollandscheveld
3%
Hoofdplaat
3%
Hoogerheide
3%
Hooghalen
3%
Hoogmade
3%
IJhorst
3%
Jubbega
3%
Kamperland
3%
Kamperveen
3%
Kats
3%
Klaaswaal
3%
Koekange
3%
Kollum
3%
Koudekerk aan den Rijn
3%
Kudelstaart
3%
Lage Vuursche
3%
Leimuiden
3%
Lemelerveld
3%
Lexmond
3%
Lienden
3%
Linde
3%
Lomm
3%
Lutten
3%
Mariaparochie
3%
Mariënberg
3%
Maurik
3%
Meppen
3%
Midsland
3%
Mijnsheerenland
3%
Neer
3%
Nieuw-Buinen
3%
Nieuw- en Sint Joosland
3%
Nieuwland
3%
Nieuwveen
3%
Nooitgedacht
3%
Noorbeek
3%
Noorden
3%
Noordwolde
3%
Norg
3%
Obdam
3%
Ooij
3%
Oosteind
3%
Opheusden
3%
Ossendrecht
3%
Oud Ade
3%
Ouderkerk aan den IJssel
3%
Oud-Vossemeer
3%
Ouwerkerk
3%
Overdinkel
3%
Radio Kootwijk
3%
Reek
3%
Reusel
3%
Roggel
3%
Rucphen
3%
Scherpenisse
3%
Schokland
3%
Schoonebeek
3%
Schoonoord
3%
Sint Hubert
3%
Spaarndam
3%
Stellendam
3%
Stolwijk
3%
Stroe
3%
Ten Boer
3%
Ter Apelkanaal
3%
Terborg
3%
Ter Heijde
3%
Ter Hole
3%
Terwolde
3%
Tilligte
3%
't Loo
3%
Tolbert
3%
Tricht
3%
Tuk
3%
Uffelte
3%
Ulestraten
3%
Veenhuizen
3%
Vierlingsbeek
3%
Vijlen
3%
Vlodrop
3%
Vogelenzang
3%
Volkel
3%
Vorden
3%
Waardenburg
3%
Wamel
3%
Wanroij
3%
Weiteveen
3%
Wekerom
3%
Westdorpe
3%
Westerhaar-Vriezenveensewijk
3%
Westmaas
3%
Wezup
3%
Wieringerwerf
3%
Wijster
3%
Wissenkerke
3%
Wolfheze
3%
Woubrugge
3%
Ysselsteyn
3%
Zaamslag
3%
Zoeterwoude-Rijndijk
3%
Zoutkamp
3%
Zuidbroek
3%
1e Exloërmond
2%
2e Exloërmond
2%
2e Valthermond
2%
Aarlanderveen
2%
Aarle-Rixtel
2%
Abbenbroek
2%
Abbenes
2%
Achterveld
2%
Adorp
2%
Afferden
2%
Agelo
2%
Akersloot
2%
Alem
2%
Alteveer
2%
Ambt Delden
2%
Ammerzoden
2%
Anerveen
2%
Anloo
2%
Annerveenschekanaal
2%
Ansen
2%
Asch
2%
Asperen
2%
Azewijn
2%
Baambrugge
2%
Baarland
2%
Babberich
2%
Baexem
2%
Bakkeveen
2%
Balloërveld
2%
Balloo
2%
Basse
2%
Batenburg
2%
Bears
2%
Beers
2%
Beerze
2%
Belfeld
2%
Bellingwolde
2%
Bemelen
2%
Bentveld
2%
Berg en Terblijt
2%
Bergentheim
2%
Berkenwoude
2%
Berkhout
2%
Berlicum
2%
Beusichem
2%
Biggekerke
2%
Blankenham
2%
Bleskensgraaf
2%
Bosch en Duin
2%
Bovensmilde
2%
Brakel
2%
Bredevoort
2%
Brinkheurne
2%
Britsum
2%
Broekhuizen
2%
Broekhuizenvorst
2%
Bronkhorst
2%
Bronneger
2%
Brucht
2%
Bruchterveld
2%
Buinerveen
2%
Buitenkaag
2%
Bunne
2%
Burgerveen
2%
Cadier en Keer
2%
Creil
2%
Cromvoirt
2%
Cruquius
2%
Dalerpeel
2%
Dalerveen
2%
Deelen
2%
De Goorn
2%
De Groeve
2%
Deinum
2%
De Kiel
2%
De Krim
2%
Den Bommel
2%
Den Dungen
2%
Den Hout
2%
De Rijp
2%
De Rips
2%
De Schiphorst
2%
Deurningen
2%
Deurze
2%
De Westereen
2%
De Zilk
2%
Diepenheim
2%
Diessen
2%
Dieverbrug
2%
Diphoorn
2%
Donderen
2%
Doornspijk
2%
Doorwerth
2%
Dreischor
2%
Dreumel
2%
Driehuis
2%
Driewegen
2%
Dronryp
2%
Drouwenermond
2%
Drouwenerveen
2%
Dussen
2%
Eanjum
2%
Echteld
2%
Eckelrade
2%
Eck en Wiel
2%
Ederveen
2%
Eede
2%
Eefde
2%
Een-West
2%
Eesergroen
2%
Eeserveen
2%
Eexterveen
2%
Eexterveenschekanaal
2%
Eexterzandvoort
2%
Ekehaar
2%
Eleveld
2%
Ellemeet
2%
Ellertshaar
2%
Enspijk
2%
Espel
2%
Europoort
2%
Exloërveen
2%
Eys
2%
Ezinge
2%
Ferwert
2%
Fluitenberg
2%
Fochteloo
2%
Foxhol
2%
Frederiksoord
2%
Gapinge
2%
Garrelsweer
2%
Garyp
2%
Gasteren
2%
Geersdijk
2%
Geervliet
2%
Geesbrug
2%
Gendringen
2%
Gendt
2%
Gerkesklooster
2%
Giesbeek
2%
Gieterveen
2%
Gouderak
2%
Grafhorst
2%
Griendtsveen
2%
Grijpskerke
2%
Groede
2%
Groeningen
2%
Groet
2%
Groot-Ammers
2%
Grootebroek
2%
Haarzuilens
2%
Haelen
2%
Hallum
2%
Hank
2%
Hansweert
2%
Hapert
2%
Harbrinkhoek
2%
Harkstede
2%
Harreveld
2%
Haule
2%
Haulerwijk
2%
Havelterberg
2%
Hedel
2%
Heeg
2%
Heelsum
2%
Heemserveen
2%
Heenvliet
2%
Heerjansdam
2%
Heeswijk-Dinther
2%
Heide
2%
Heijen
2%
Heikant
2%
Heiligerlee
2%
Heilig Landstichting
2%
Heinenoord
2%
Hekelingen
2%
Helenaveen
2%
Hemmen
2%
Hengevelde
2%
Hengstdijk
2%
Herkenbosch
2%
Herkingen
2%
Hertme
2%
Hierden
2%
Hoedekenskerke
2%
Hoef en Haag
2%
Holsloot
2%
Holwert
2%
Hoogemierde
2%
Hoogersmilde
2%
Hooge Zwaluwe
2%
Hooglanderveen
2%
Hoog Soeren
2%
Horssen
2%
Huisduinen
2%
Hulsberg
2%
Ittervoort
2%
Kaard
2%
Kapellebrug
2%
Kerkenveld
2%
Kerkwerve
2%
Kessel
2%
Kinnum
2%
Klazienaveen-Noord
2%
Kloetinge
2%
Kloosterzande
2%
Knegsel
2%
Kockengen
2%
Koedijk
2%
Kolham
2%
Kollumersweach
2%
Kornwerderzand
2%
Kortenhoef
2%
Kortgene
2%
Koudum
2%
Kraggenburg
2%
Kropswolde
2%
Kuinre
2%
Kuitaart
2%
Kwadendamme
2%
Kwintsheul
2%
Laag-Soeren
2%
Lagemierde
2%
Lamswaarde
2%
Landerum
2%
Langbroek
2%
Langelo
2%
Langenboom
2%
Langeveen
2%
Lepelstraat
2%
Leunen
2%
Lewedorp
2%
Liempde
2%
Lierderholthuis
2%
Lierop
2%
Lieshout
2%
Liessel
2%
Lijnden
2%
Limmen
2%
Linne
2%
Lisserbroek
2%
Lobith
2%
Lopikerkapel
2%
Lottum
2%
Lutjebroek
2%
Luttelgeest
2%
Luttenberg
2%
Luyksgestel
2%
Mantinge
2%
Marenkessel
2%
Mariënheem
2%
Marknesse
2%
Mastenbroek
2%
Matsloot
2%
Meddo
2%
Megchelen
2%
Megen
2%
Meliskerke
2%
Merkelbeek
2%
Mheer
2%
Middenmeer
2%
Midwolda
2%
Milsbeek
2%
Moddergat
2%
Molkwerum
2%
Munstergeleen
2%
Muntendam
2%
Nederasselt
2%
Nederhorst den Berg
2%
Neerkant
2%
Niekerk
2%
Nietap
2%
Nieuw Annerveen
2%
Nieuwediep
2%
Nieuwendijk
2%
Nieuwkuijk
2%
Nieuwlande
2%
Nieuw-Namen
2%
Nieuwpoort
2%
Nieuw-Schoonebeek
2%
Nieuwstadt
2%
Nieuwvliet
2%
Nieuw-Vossemeer
2%
Nieuw-Weerdinge
2%
Niftrik
2%
Nij Beets
2%
Noordeinde
2%
Noordeloos
2%
Noordgouwe
2%
Noordscheschut
2%
Noord-Sleen
2%
Noordwelle
2%
Nuland
2%
Nutter
2%
Ochten
2%
Odiliapeel
2%
Odoornerveen
2%
Oeffelt
2%
Ohé en Laak
2%
Oijen
2%
Oldekerk
2%
Oldemarkt
2%
Ommel
2%
Ommeren
2%
Onnen
2%
Onstwedde
2%
Ooltgensplaat
2%
Oosterhesselen
2%
Oosterland
2%
Oosterwijk
2%
Oostwold
2%
Oploo
2%
Opperdoes
2%
Oranjewoud
2%
Orvelte
2%
Ospel
2%
Ossenisse
2%
Ossenzijl
2%
Ottersum
2%
Ottoland
2%
Oud-Alblas
2%
Oud Annerveen
2%
Oudega
2%
Oudelande
2%
Oudemolen
2%
Oudenhoorn
2%
Oudeschoot
2%
Oud Gastel
2%
Oudheusden
2%
Oud Ootmarsum
2%
Oudorp
2%
Overasselt
2%
Overslag
2%
Ovezande
2%
Pannerden
2%
Peest
2%
Plasmolen
2%
Poederoijen
2%
Poortvliet
2%
Posterholt
2%
Punthorst
2%
Puttershoek
2%
Ransdaal
2%
Rekken
2%
Rha
2%
Rheeze
2%
Rheezerveen
2%
Riel
2%
Rietmolen
2%
Ritthem
2%
Roosteren
2%
Roswinkel
2%
Rottum
2%
Saasveld
2%
Sambeek
2%
Sauwerd
2%
Schalkhaar
2%
Scharendijke
2%
Schimmert
2%
Schinnen
2%
Schinveld
2%
Schipborg
2%
Schiphol-Rijk
2%
Schoondijke
2%
Schoonloo
2%
Schoonrewoerd
2%
Schore
2%
Schouwerzijl
2%
Sebaldeburen
2%
's-Graveland
2%
's-Gravenmoer
2%
's-Gravenpolder
2%
's-Heer Abtskerke
2%
's-Heerenhoek
2%
's-Heer Hendrikskinderen
2%
Simonshaven
2%
Sint Geertruid
2%
Sint Jansteen
2%
Sint Joost
2%
Sint Kruis
2%
Sint Maartensbrug
2%
Sint Maartensvlotbrug
2%
Sint Nicolaasga
2%
Sint Odiliënberg
2%
Sint Willebrord
2%
Sirjansland
2%
Sleeuwijk
2%
Slijkewijk
2%
Soerendonk
2%
Sommelsdijk
2%
Spanga
2%
Spaubeek
2%
Spijkerboor
2%
Sprang-Capelle
2%
Spui
2%
Stad aan 't Haringvliet
2%
Stedum
2%
Steenderen
2%
Steensel
2%
Steenwijkerwold
2%
Sterksel
2%
Stevensbeek
2%
Stieltjeskanaal
2%
Strijen
2%
Stuifzand
2%
Taarlo
2%
Ten Post
2%
Ter Aard
2%
Termunten
2%
Termunterzijl
2%
't Haantje
2%
Thorn
2%
Tiendeveen
2%
Tienray
2%
Tollebeek
2%
Tripscompagnie
2%
't Veld
2%
Tzum
2%
Uitdam
2%
Ureterp
2%
Urmond
2%
Usquert
2%
Veeningen
2%
Veenoord
2%
Velden
2%
Vierhouten
2%
Vierhuizen
2%
Vilsteren
2%
Vinkel
2%
Vledder
2%
Vlierden
2%
Vlist
2%
Vogelwaarde
2%
Vollenhove
2%
Vortum-Mullem
2%
Vredepeel
2%
Vriescheloo
2%
Vuren
2%
Waarder
2%
Wagenberg
2%
Wagenborgen
2%
Walsoorden
2%
Wanneperveen
2%
Wapse
2%
Warmenhuizen
2%
Waterlandkerkje
2%
Weerselo
2%
Well
2%
Wellerlooi
2%
Wenum-Wiesel
2%
Werkhoven
2%
Wessem
2%
Westbroek
2%
Westzaan
2%
Weurt
2%
Wezuperbrug
2%
Wieringerwaard
2%
Wierum
2%
Wijk en Aalburg
2%
Wijlre
2%
Wijngaarden
2%
Wildervank
2%
Wilhelminadorp
2%
Wilhelminaoord
2%
Wilsum
2%
Winssen
2%
Wintelre
2%
Witte Paarden
2%
Witteveen
2%
Woerdenseverlaat
2%
Wognum
2%
Wolphaartsdijk
2%
Yde
2%
Zandberg
2%
Zandpol
2%
Zeegse
2%
Zegveld
2%
Zeijen
2%
Zenderen
2%
Zieuwent
2%
Zonnemaire
2%
Zuiddorpe
2%
Zuidlaarderveen
2%
Zuidland
2%
Zuidoostbeemster
2%
Zuidveen
2%
Zuidzande
2%
Zwaanshoek
2%
Zwartewaal
2%
Zweeloo
2%
Zwiggelte
2%
Zwinderen
2%
Aalsmeerderbrug
1%
Acquoy
1%
Alde Leie
1%
Allingawier
1%
Almen
1%
Altforst
1%
Ammerstol
1%
Amsterdam-Duivendrecht
1%
Anderen
1%
Angerlo
1%
Ankeveen
1%
Appeltern
1%
Arriën
1%
Arum
1%
Augustinusga
1%
Baars
1%
Balgoij
1%
Balinge
1%
Banholt
1%
Bantega
1%
Barchem
1%
Beegden
1%
Beerzerveld
1%
Beets
1%
Belt-Schutsloot
1%
Benneveld
1%
Benningbroek
1%
Benschop
1%
Beringe
1%
Beugen
1%
Biesthoutakker
1%
Biezenmortel
1%
Blauwestad
1%
Blauwhuis
1%
Blessum
1%
Blije
1%
Blitterswijck
1%
Blokker
1%
Boerakker
1%
Borgercompagnie
1%
Botlek
1%
Breedenbroek
1%
Breezand
1%
Breezanddijk
1%
Briltil
1%
Broekland
1%
Bronnegerveen
1%
Budel-Dorplein
1%
Budelschoot
1%
Buggenum
1%
Burgwerd
1%
Castelré
1%
Castenray
1%
Casteren
1%
Collendoorn
1%
Corle
1%
Damwâld
1%
De Bult
1%
Deest
1%
De Heen
1%
De Heurne
1%
De Moer
1%
Den Andel
1%
Den Horn
1%
Den Ilp
1%
Den Velde
1%
De Steeg
1%
De Waal
1%
Diffelen
1%
Dijken
1%
Doenrade
1%
Doezum
1%
Drachten-Azeven
1%
Drempt
1%
Drijber
1%
Drogteropslagen
1%
Duizel
1%
Earnewâld
1%
Eastermar
1%
Eastrum
1%
Echtenerbrug
1%
Eelderwolde
1%
Eenum
1%
Eesveen
1%
Eethen
1%
Egmond aan den Hoef
1%
Eldersloo
1%
Elkenrade
1%
Ellecom
1%
Elp
1%
Elsendorp
1%
Elshout
1%
Enumatil
1%
Epse
1%
Erichem
1%
Esbeek
1%
Escharen
1%
Eursinge
1%
Everdingen
1%
Evertsoord
1%
Foxwolde
1%
Frieschepalen
1%
Galder
1%
Gameren
1%
Garnwerd
1%
Gastel
1%
Geelbroek
1%
Geerdijk
1%
Geijsteren
1%
Gelderswoude
1%
Gelselaar
1%
Giessenburg
1%
Giethmen
1%
Goutum
1%
Graft
1%
Grashoek
1%
Grathem
1%
Groessen
1%
Grubbenvorst
1%
Haarlo
1%
Hagestein
1%
Haghorst
1%
Halle
1%
Handel
1%
Heelweg
1%
Hegelsom
1%
Hekendorp
1%
Hempens
1%
Hemrik
1%
Hernen
1%
Herpen
1%
Heteren
1%
Heukelom
1%
Heukelum
1%
Heveadorp
1%
Heythuysen
1%
Hezingen
1%
Hiaure
1%
Hoge Hexel
1%
Holthees
1%
Holtheme
1%
Holthone
1%
Holwierde
1%
Hoogeloon
1%
Hoogwoud
1%
Hulten
1%
Húns
1%
Hunsel
1%
Huppel
1%
IJzendoorn
1%
Ilpendam
1%
Ingber
1%
Jabeek
1%
Jirnsum
1%
Jorwert
1%
Kalenberg
1%
Kamerik
1%
Kapel-Avezaath
1%
Kattendijke
1%
Katwoude
1%
Keijenborg
1%
Klijndijk
1%
Koarnjum
1%
Kollumerpomp
1%
Koningslust
1%
Kotten
1%
Kronenberg
1%
Laag Zuthem
1%
Langelille
1%
Langweer
1%
Lattrop-Breklenkamp
1%
Ledeacker
1%
Leens
1%
Leerbroek
1%
Leimuiderbrug
1%
Lengel
1%
Lettele
1%
Leuth
1%
Leveroy
1%
Lieren
1%
Lievelde
1%
Lieveren
1%
Linden
1%
Lith
1%
Loenersloot
1%
Loerbeek
1%
Lollum
1%
Longerhouw
1%
Loozen
1%
Maasbommel
1%
Maashees
1%
Maastricht Airport
1%
Mantgum
1%
Maria Hoop
1%
Mariahout
1%
Mariënvelde
1%
Marle
1%
Marwijksoord
1%
Meerlo
1%
Melderslo
1%
Melick
1%
Menaam
1%
Mensingeweer
1%
Merselo
1%
Meterik
1%
Midwolde
1%
Milheeze
1%
Minnertsga
1%
Mirns
1%
Miste
1%
Molenschot
1%
Mûnein
1%
Munnekeburen
1%
Nederhemert
1%
Nederweerteind
1%
Neerijnen
1%
Nibbixwoud
1%
Niehove
1%
Nieuw-Balinge
1%
Nieuwebrug
1%
Nieuwe Niedorp
1%
Nieuwerbrug aan den Rijn
1%
Nieuweroord
1%
Nieuwersluis
1%
Nieuwer Ter Aa
1%
Nieuwe Wetering
1%
Nieuw-Roden
1%
Nieuw Scheemda
1%
Nij Altoenae
1%
Nijbroek
1%
Nijega
1%
Nijeholtpade
1%
Nijeholtwolde
1%
Nijemirdum
1%
Nijland
1%
Nijlande
1%
Nispen
1%
Noordbeemster
1%
Noordbroek
1%
Notter
1%
Obbicht
1%
Oirlo
1%
Oirsbeek
1%
Okkenbroek
1%
Oldeberkoop
1%
Oldeholtpade
1%
Oldeholtwolde
1%
Oldehove
1%
Oldenzijl
1%
Onderdendam
1%
Onna
1%
Oostdijk
1%
Oosterblokker
1%
Oosterwijtwerd
1%
Oostrum
1%
Oostwoud
1%
Opeinde
1%
Opende
1%
Ophemert
1%
Oterleek
1%
Oudebildtzijl
1%
Oudemeer
1%
Oudemirdum
1%
Oude Niedorp
1%
Oudeschans
1%
Oudeschip
1%
Oude Wetering
1%
Oudkarspel
1%
Oud Zuilen
1%
Overberg
1%
Overlangel
1%
Papekop
1%
Papenvoort
1%
Peazens
1%
Piershil
1%
Pieterzijl
1%
Pingjum
1%
Puiflijk
1%
Purmerland
1%
Radewijk
1%
Randwijk
1%
Reijmerstok
1%
Rhenoy
1%
Riethoven
1%
Rijkevoort
1%
Rijpwetering
1%
Rijsbergen
1%
Roderesch
1%
Roderwolde
1%
Rogat
1%
Schelluinen
1%
Scheulder
1%
Schijf
1%
Schildwolde
1%
Schraard
1%
Sellingen
1%
Siebengewald
1%
Silvolde
1%
Sint Agatha
1%
Sint Annen
1%
Sint Jacobiparochie
1%
Sint Jansklooster
1%
Sintjohannesga
1%
Sint Pancras
1%
Slenaken
1%
Slijkenburg
1%
Smakt
1%
Smalle Ee
1%
Snelrewaard
1%
Spier
1%
Sprundel
1%
Stampersgat
1%
Steenenkamer
1%
Stegeren
1%
Stevensweert
1%
Steyl
1%
Stompetoren
1%
Stoutenburg
1%
Streefkerk
1%
Strijensas
1%
Stroobos
1%
Swolgen
1%
Teerns
1%
Terheijden
1%
Terherne
1%
Ter Idzard
1%
Terkaple
1%
't Goy
1%
Tjerkgaast
1%
Tjuchem
1%
Toldijk
1%
Tolkamer
1%
Tull en 't Waal
1%
't Zand
1%
Ubbena
1%
Ulrum
1%
Veessen
1%
Velddriel
1%
Venhorst
1%
Venhuizen
1%
Venzelderheide
1%
Vessem
1%
Veulen
1%
Vierpolders
1%
Visvliet
1%
Vledderveen
1%
Vondelingenplaat
1%
Vorchten
1%
Vragender
1%
Vredenheim
1%
Vrouwenparochie
1%
Wachtum
1%
Wadenoijen
1%
Walem
1%
Wanssum
1%
Warstiens
1%
Wedde
1%
Welsum
1%
Wergea
1%
Wervershoof
1%
Wesepe
1%
Westbeemster
1%
Westendorp
1%
Westerbeek
1%
Westerhoven
1%
Westerlee
1%
Westervelde
1%
Westerwijtwerd
1%
Westwoud
1%
Wichmond
1%
Wijnaldum
1%
Willemsoord
1%
Winkel
1%
Wittelte
1%
Wiuwert
1%
Wons
1%
Woold
1%
Woudsend
1%
Wytgaard
1%
Zeddam
1%
Zeijerveen
1%
Zeijerveld
1%
Zevenbergschenhoek
1%
Zevenhoven
1%
Zuiderwoude
1%
Zuidveld
1%
Zuidvelde
1%
Zuna
1%
Zwartebroek
1%
Aartswoud
0%
Abbega
0%
Abbekerk
0%
Achlum
0%
Achtmaal
0%
Aerdt
0%
Akmarijp
0%
Aldeboarn
0%
Aldtsjerk
0%
Aldwâld
0%
Amstelhoek
0%
Amstenrade
0%
Anevelde
0%
Angeren
0%
Augsbuert-Lytsewâld
0%
Avenhorn
0%
Baaium
0%
Baard
0%
Babyloniënbroek
0%
Bakhuizen
0%
Baneheide
0%
Barsingerhorn
0%
Beemte
0%
Beetsterzwaag
0%
Beinsdorp
0%
Beltrum
0%
Bergharen
0%
Berltsum
0%
Beutenaken
0%
Bierum
0%
Bingelrade
0%
Bitgum
0%
Bitgummole
0%
Blesdijke
0%
Blijham
0%
Boarnwert
0%
Boazum
0%
Boelenslaan
0%
Boesingheliede
0%
Boijl
0%
Boksum
0%
Bontebok
0%
Boornbergum
0%
Boornzwaag
0%
Borgsweer
0%
Boschoord
0%
Bosschenhoofd
0%
Braamt
0%
Brandwijk
0%
Brantgum
0%
Breukeleveen
0%
Britswert
0%
Broeksterwâld
0%
Bruchem
0%
Bruntinge
0%
Buchten
0%
Burdaard
0%
Burgerbrug
0%
Burum
0%
Buurmalsen
0%
Cornwerd
0%
Dalem
0%
Dalmsholte
0%
Dearsum
0%
De Blesse
0%
Dedgum
0%
De Falom
0%
De Glind
0%
De Hoef
0%
De Hoeve
0%
De Knipe
0%
Delfstrahuizen
0%
Delwijnen
0%
Demen
0%
De Mortel
0%
De Pol
0%
De Tike
0%
De Trieme
0%
Deursen-Dennenburg
0%
De Veenhoop
0%
De Weere
0%
De Wilgen
0%
De Wilp
0%
De Woude
0%
Dieden
0%
Dirkshorn
0%
Doeveren
0%
Doldersum
0%
Dongensevaart
0%
Dongjum
0%
Doniaga
0%
Donkerbroek
0%
Doornenburg
0%
Drachtstercompagnie
0%
Drieborg
0%
Driezum
0%
Drogeham
0%
Drongelen
0%
Eagum
0%
Ealsum
0%
Easterlittens
0%
Easternijtsjerk
0%
Easterwierrum
0%
Eesterga
0%
Egchel
0%
Einighausen
0%
Elahuizen
0%
Eppenhuizen
0%
Erlecom
0%
Exmorra
0%
Feankleaster
0%
Feerwerd
0%
Feinsum
0%
Ferwoude
0%
Firdgum
0%
Follega
0%
Folsgare
0%
Foudgum
0%
Friens
0%
Froombosch
0%
Gaastmeer
0%
Garmerwolde
0%
Garminge
0%
Garsthuizen
0%
Gauw
0%
Geeuwenbrug
0%
Gellicum
0%
Gemonde
0%
Genderen
0%
Gersloot
0%
Ginnum
0%
Godlinze
0%
Goënga
0%
Goëngahuizen
0%
Goingarijp
0%
Goudriaan
0%
Greonterp
0%
Grevenbicht
0%
Grootschermer
0%
Guttecoven
0%
Gytsjerk
0%
Haaften
0%
Haalderen
0%
Haarsteeg
0%
Haler
0%
Hantum
0%
Hantumerútbuorren
0%
Hantumhuzen
0%
Harfsen
0%
Harich
0%
Haringhuizen
0%
Hartwerd
0%
Haskerdijken
0%
Haskerhorne
0%
Hauwert
0%
Hedikhuizen
0%
Heerewaarden
0%
Heesbeen
0%
Heesselt
0%
Heeten
0%
Hegebeintum
0%
Heibloem
0%
Hei- en Boeicop
0%
Heijenrath
0%
Heijningen
0%
Hellouw
0%
Hellum
0%
Hemelum
0%
Hensbroek
0%
Henxel
0%
Herbaijum
0%
Herpt
0%
Herveld
0%
Herwen
0%
Herwijnen
0%
Hichtum
0%
Hidaard
0%
Hieslum
0%
Hijken
0%
Hijum
0%
Hilaard
0%
Hinnaard
0%
Hitzum
0%
Hobrede
0%
Hoenzadriel
0%
Holtum
0%
Hommerts
0%
Homoet
0%
Hoogblokland
0%
Hoogenweg
0%
Hoog-Keppel
0%
Hoornaar
0%
Hoornsterzwaag
0%
Hornhuizen
0%
Houtigehage
0%
Houwerzijl
0%
Huijbergen
0%
Huisseling
0%
Huizinge
0%
Hulsel
0%
Hulshorst
0%
Hummelo
0%
Hurwenen
0%
Idaerd
0%
Idsegahuizum
0%
Idskenhuizen
0%
Idzega
0%
Iens
0%
IJsselham
0%
Indijk
0%
Ingelum
0%
Ingwierrum
0%
Itens
0%
It Heidenskip
0%
Jaarsveld
0%
Jannum
0%
Jellum
0%
Jelsum
0%
Jislum
0%
Jisp
0%
Jistrum
0%
Jonkerslân
0%
Jonkersvaart
0%
Joppe
0%
Jouswier
0%
Jutrijp
0%
Kallenkote
0%
Kantens
0%
Katlijk
0%
Kedichem
0%
Keent
0%
Kekerdom
0%
Kelpen-Oler
0%
Kerk-Avezaath
0%
Kerkwijk
0%
Kiel-Windeweer
0%
Kilder
0%
Kimswerd
0%
Klein-Zundert
0%
Kloosterburen
0%
Klooster-Lidlum
0%
Kolderwolde
0%
Kolhorn
0%
Kommerzijl
0%
Koningsbosch
0%
Kootstertille
0%
Kornhorn
0%
Kortehemmen
0%
Koufurderrige
0%
Kreileroord
0%
Krewerd
0%
Kring van Dorth
0%
Kruisland
0%
Kûbaard
0%
Kwadijk
0%
Laag-Keppel
0%
Lageland
0%
Lambertschaag
0%
Landhorst
0%
Langedijke
0%
Langerak
0%
Langeweg
0%
Langezwaag
0%
Lathum
0%
Lauwerzijl
0%
Leermens
0%
Legemeer
0%
Lekkum
0%
Lellens
0%
Lemiers
0%
Leons
0%
Lettelbert
0%
Leutingewolde
0%
Leuvenheim
0%
Lichtaard
0%
Limbricht
0%
Lippenhuizen
0%
Lithoijen
0%
Ljussens
0%
Loënga
0%
Loosbroek
0%
Losdorp
0%
Lucaswolde
0%
Luddeweer
0%
Luinjeberd
0%
Lutjewinkel
0%
Luxwoude
0%
Lytsewierrum
0%
Macharen
0%
Makkinga
0%
Marijenkampen
0%
Markenbinnen
0%
Marsum
0%
Meeden
0%
Meedhuizen
0%
Meerstad
0%
Meeuwen
0%
Meteren
0%
Middelie
0%
Middelstum
0%
Midlum
0%
Midwoud
0%
Miedum
0%
Mildam
0%
Mitselwier
0%
Moarre
0%
Moerstraten
0%
Molenaarsgraaf
0%
Mookhoek
0%
Moorveld
0%
Munnekezijl
0%
Neeritter
0%
Neerlangel
0%
Neerloon
0%
Netersel
0%
Netterden
0%
Niebert
0%
Nieuwaal
0%
Nieuw Beerta
0%
Nieuwehorne
0%
Nieuweschoot
0%
Nieuw Heeten
0%
Nieuwolda
0%
Niezijl
0%
Nijeberkoop
0%
Nijehaske
0%
Nijelamer
0%
Nijensleek
0%
Nijetrijne
0%
Nijewier
0%
Nijhuizum
0%
Noardburgum
0%
Noordhoek
0%
Noord-Scharwoude
0%
Nuis
0%
Nunhem
0%
Oentsjerk
0%
Offingawier
0%
Olburgen
0%
Oldelamer
0%
Oldeouwer
0%
Oldetrijne
0%
Olterterp
0%
Oosterbierum
0%
Oosterleek
0%
Oosternieland
0%
Oosterstreek
0%
Oosterzee
0%
Oost-Graftdijk
0%
Oosthem
0%
Oosthuizen
0%
Oostknollendam
0%
Oost-, West- en Middelbeers
0%
Opijnen
0%
Oppenhuizen
0%
Ossenwaard
0%
Oudehaske
0%
Oudehorne
0%
Oudendijk
0%
Oudesluis
0%
Oude Willem
0%
Oudezijl
0%
Ouwsterhaule
0%
Ouwster-Nijega
0%
Overschild
0%
Paasloo
0%
Papenhoven
0%
Parrega
0%
Peins
0%
Peperga
0%
Persingen
0%
Piaam
0%
Pietersbierum
0%
Polsbroek
0%
Poppingawier
0%
Puth
0%
Raard
0%
Raerd
0%
Rasquert
0%
Ratum
0%
Ravenswaaij
0%
Ravenswoud
0%
Readtsjerk
0%
Reahûs
0%
Reduzum
0%
Reeve
0%
Reitsum
0%
Ressen
0%
Ried
0%
Rien
0%
Rijkevoort-De Walsert
0%
Rijnsaterwoude
0%
Rijsenhout
0%
Rinsumageast
0%
Rohel
0%
Rotstergaast
0%
Rotsterhaule
0%
Rotterdam-Albrandswaard
0%
Rottevalle
0%
Ruigahuizen
0%
Rumpt
0%
Ryptsjerk
0%
Saaksum
0%
Saaxumhuizen
0%
Sandfirden
0%
Schagerbrug
0%
Schalsum
0%
Schardam
0%
Scharmer
0%
Scharnegoutum
0%
Scharsterbrug
0%
Scharwoude
0%
Scheerwolde
0%
Schellinkhout
0%
Schermerhorn
0%
Schettens
0%
Schuinesloot
0%
's-Heerenbroek
0%
Sibrandabuorren
0%
Sibrandahûs
0%
Siegerswoude
0%
Sijbekarspel
0%
Sinderen
0%
Skingen
0%
Slappeterp
0%
Slootdorp
0%
Smallebrugge
0%
Snakkerburen
0%
Snikzwaag
0%
Sondel
0%
Sonnega
0%
Spanbroek
0%
Spankeren
0%
Spannum
0%
Spierdijk
0%
Standdaarbuiten
0%
Starnmeer
0%
Startenhuizen
0%
Steendam
0%
Steggerda
0%
Stitswerd
0%
Stokkum
0%
Stoutenburg-Noord
0%
Striep
0%
Strijbeek
0%
Sumar
0%
Surhuizum
0%
Suwâld
0%
Sweagerbosk
0%
Sweikhuizen
0%
Swichum
0%
Teeffelen
0%
Terband
0%
Ternaard
0%
Teroele
0%
Tersoal
0%
Terwispel
0%
Thesinge
0%
Tienhoven aan de Lek
0%
Tijnje
0%
Tinallinge
0%
Tinte
0%
Tirns
0%
Tjalhuizum
0%
Tjalleberd
0%
Tjerkwerd
0%
Tonden
0%
Toornwerd
0%
Tuil
0%
Tuitjenhorn
0%
't Waar
0%
Twijzel
0%
Twijzelerheide
0%
Twisk
0%
't Zandt
0%
Tzummarum
0%
Uitwellingerga
0%
Uitwijk
0%
Ulicoten
0%
Ursem
0%
Valburg
0%
Varik
0%
Varsselder
0%
Veelerveen
0%
Vegelinsoord
0%
Venebrugge
0%
Vethuizen
0%
Vierakker
0%
Vinkega
0%
Vinkenbuurt
0%
Vorstenbosch
0%
Vreeland
0%
Vrouwenakker
0%
Waaksens
0%
Waardhuizen
0%
Waarland
0%
Wâlterswâld
0%
Wânswert
0%
Wapserveen
0%
Warder
0%
Warfhuizen
0%
Warfstermolen
0%
Warten
0%
Waskemeer
0%
Watergang
0%
Waterhuizen
0%
Waverveen
0%
Wehe-Den Hoorn
0%
Weidum
0%
Wellseind
0%
Wernhout
0%
Westerbroek
0%
Westeremden
0%
Westergeast
0%
Westerland
0%
Westernieland
0%
West-Graftdijk
0%
Westhem
0%
Westhoek
0%
Westknollendam
0%
Wetering
0%
Weteringbrug
0%
Wetsens
0%
Wetsinge
0%
Wijckel
0%
Wijdenes
0%
Wijdewormer
0%
Wijnandsrade
0%
Wijnbergen
0%
Wijnjewoude
0%
Wilbertoord
0%
Windraak
0%
Winneweer
0%
Wirdum
0%
Witharen
0%
Witmarsum
0%
Wjelsryp
0%
Woldendorp
0%
Wolsum
0%
Woltersum
0%
Wommels
0%
Woudbloem
0%
Wyns
0%
Ypecolsga
0%
Ysbrechtum
0%
Zandeweer
0%
Zandhuizen
0%
Zeerijp
0%
Zegge
0%
Zennewijnen
0%
Zijderveld
0%
Zijdewind
0%
Zijldijk
0%
Zoelen
0%
Zoelmond
0%
Zorgvlied
0%
Zuidermeer
0%
Zuid-Scharwoude
0%
Zuidschermer
0%
Zuilichem
0%
Zuurdijk
0%
Zwaagdijk-Oost
0%
Zwaagdijk-West
0%
Zweins
0%
No matching quizzes found
Score Distribution
Percent of People with Each Score
Percentile by Number Answered
Your Score History
You have not taken this quiz